Semiconductors teehnical information & characteristic data for students (Record no. 6402)

000 -LEADER
fixed length control field 00570nam a2200205 4500
001 - CONTROL NUMBER
control field 6402
003 - CONTROL NUMBER IDENTIFIER
control field BD-DhUET
008 - FIXED-LENGTH DATA ELEMENTS--GENERAL INFORMATION
fixed length control field 141202b/xxu||||| |||| 00| 0 eng d
020 ## - INTERNATIONAL STANDARD BOOK NUMBER
International Standard Book Number 3800915677
040 ## - CATALOGING SOURCE
Original cataloging agency DLC
Transcribing agency DLC
Modifying agency BD-DhUET
082 ## - DEWEY DECIMAL CLASSIFICATION NUMBER
Classification number 623.815
Item number SIE/1990
110 ## - MAIN ENTRY--CORPORATE NAME
Corporate name or jurisdiction name as entry element siemens akticngesellscaft
245 ## - TITLE STATEMENT
Title Semiconductors teehnical information & characteristic data for students
250 ## - EDITION STATEMENT
Edition statement 1st ed.
260 ## - PUBLICATION, DISTRIBUTION, ETC. (IMPRINT)
Place of publication, distribution, etc. Berlin
Name of publisher, distributor, etc. siemens akticngesellscaft
Date of publication, distribution, etc. 1990
300 ## - PHYSICAL DESCRIPTION
Extent 249 p.
504 ## - BIBLIOGRAPHY, ETC. NOTE
Bibliography, etc includes bibliographies
650 #0 - SUBJECT ADDED ENTRY--TOPICAL TERM
Topical term or geographic name as entry element Semiconductors-Electronics
942 ## - ADDED ENTRY ELEMENTS (KOHA)
Koha item type Corporate Publication
Holdings
Lost status Sublocation or collection (holding branch) Shelving location Koha item type Koha normalized classification for sorting Damaged status Price effective from Koha full call number Location (home branch) Koha date last seen Copy number Withdrawn status Source of classification or shelving scheme Date acquired Piece designation (barcode) Not for loan
 Central Library, BUETCirculation sectionCorporate Publication623_815000000000000_SIE_1990 2014-12-02623.815/SIE/1990Central Library, BUET2014-12-021  2014-12-0285368 
 Central Library, BUETCirculation sectionCorporate Publication623_000000000000000_815SIE1990 2014-12-02623.815/SIE/1990Central Library, BUET2014-12-022  2014-12-0285367 
 Central Library, BUETCirculation sectionGeneral Book623_815000000000000_SIE1990 2014-12-11623.815 SIE/1990Central Library, BUET2014-12-111  2014-12-1185369 
 Central Library, BUETCirculation sectionGeneral Book623_815000000000000_SIE1990 2014-12-11623.815 SIE/1990Central Library, BUET2014-12-112  2014-12-1185366